Arquetipos orales en la poesía española de fin de siglo
Guardat en:
| Autors principals: | , |
|---|---|
| Format: | Llibre |
| Idioma: | espanyol |
| Publicat: |
Madrid
Asociación Prometeo de Poesía
2000
|
| Col·lecció: | Ediciones Blancas, Mayor, 1
|
| Matèries: | |
| Etiquetes: |
Afegir etiqueta
Sense etiquetes, Sigues el primer a etiquetar aquest registre!
|
MARC
| LEADER | 00000nam a2200000 a 4500 | ||
|---|---|---|---|
| 001 | UCN6586 | ||
| 003 | CL-VaPUC | ||
| 008 | 010928e20000000SP |||||||||||||||||spa|d | ||
| 082 | 0 | 4 | |a 861.9 |b RUI |2 21 |
| 100 | 0 | |a Ruiz de Torres, Juan |e author |9 462244 | |
| 700 | 0 | |a Valle, Enrique |e author |9 462245 | |
| 245 | 1 | 0 | |a Arquetipos orales en la poesía española de fin de siglo |
| 300 | |a 192 p | ||
| 942 | |c BK | ||
| 945 | |d 20010928 00:00:00 |a crobeson | ||
| 260 | |a Madrid |b Asociación Prometeo de Poesía |c 2000 | ||
| 650 | 7 | |a POESIA ESPAÑOLA - SIGLO 20 |2 CL-VaPUC |9 462246 | |
| 650 | 7 | |a POESIA ESPAÑOLA - HISTORIA Y CRITICA |2 CL-VaPUC |9 307252 | |
| 650 | 7 | |a LITERATURA ESPAÑOLA - SIGLO 20 |2 CL-VaPUC |9 343079 | |
| 583 | |a last modification |c 20010928 00:00:00 |k Rodrigo Vera | ||
| 490 | 0 | |a Ediciones Blancas, Mayor, 1 | |
| 999 | |c 297290 |d 297288 | ||
| 952 | |0 0 |1 0 |4 0 |6 861_900000000000000_RUI_2000 |7 0 |8 A |9 351881 |a BIBEDU |b BIBEDU |d 2019-11-21 |i 3730042 |o 861.9 RUI 2000 |p 3730042 |r 2019-11-21 |w 2019-11-21 |y BK |k LIT | ||